Odišiel dospelý chlapec

Bibliographic Details
Main Author: Mihálik, Peter (Author)
Format: Article
Language:Slovak
Subjects:

MARC

LEADER 00000nab a2200000 a 4500
001 vtls000311680
003 SK-MaSNL
005 20260302215425.0
008 111201c1978 xo 0 slo
015 |a SNBRB19rr/mm-uuuuu 
035 |a CL0001772 
040 |a SNKBUCL  |b slo  |c SNKBUCL  |e AACR2 
041 0 |a slo 
044 |a xo  |c SK 
080 |a 791.4  |2 1981 
080 |a 92 Chaplin, Charles Spencer  |2 1981 
100 1 |a Mihálik, Peter  |4 aut  |9 279034 
245 1 0 |a Odišiel dospelý chlapec  |c Peter Mihálik 
600 1 7 |a Chaplin, Charlie,  |d 1889-1977  |2 snkbucl  |9 156415 
655 7 |a články z novín a časopisov  |2 snkbucl  |9 267496 
773 0 |t Pravda  |g Roč. 59, č. 3 (4. 1. 1978), s. 5 
850 |a Slovenská národná knižnica v Martine  |a MTA001 
852 |a SNK  |b KIS3GCP 
958 |a RK 
992 |a RBX 
999 |c 1502221  |d 1504151